000 00649nam a22001697a 4500
999 _c62152
_d62152
005 20240724144130.0
008 240724s2004 ge ||||| |||| 00| 0 ger d
020 _a3406521789 X
080 _a821.112.2 S-79
100 _aSprengel, Peter
_dAuthor
_922927
245 _aGeschichte der deutschsprachigen Literatur, 1900-1918 :
_bvon der Jahrhundertwende bis zum Ende des Ersten Weltkriegs /
_cPeter Sprengel
264 _aMunchen :
_bVerlag C.H.Beck,
_c2004.
300 _axiii, 924 pages ;
_b23 cm.
653 _aGeschichte der deutschsprachigen Literatur
653 _aგერმანული ლიტერატურა
942 _2udc
_cBK